The tale of Despereaux : (Record no. 527)

MARC details
000 -LEADER
fixed length control field 01185cam a2200277 i 4500
005 - DATE AND TIME OF LATEST TRANSACTION
control field 20230517120519.0
020 ## - INTERNATIONAL STANDARD BOOK NUMBER
International Standard Book Number 9780763672058
040 ## - CATALOGING SOURCE
Original cataloging agency DLC
Language of cataloging eng
Description conventions rda
Transcribing agency DLC
050 00 - LIBRARY OF CONGRESS CALL NUMBER
Classification number PZ8.D525
Item number Tal 2013
082 00 - DEWEY DECIMAL CLASSIFICATION NUMBER
Classification number 813.6
Edition number 23
100 1# - MAIN ENTRY--PERSONAL NAME
Personal name DiCamillo, Kate.
245 14 - TITLE STATEMENT
Title The tale of Despereaux :
Remainder of title being the story of a mouse, a princess, some soup, and a spool of thread /
Statement of responsibility, etc. Kate DiCamillo ; illustrated by Timothy Basil Ering.
250 ## - EDITION STATEMENT
Edition statement Exclusive collectors' edition.
300 ## - PHYSICAL DESCRIPTION
Extent 296 pages :
Other physical details illustrations ;
Dimensions 22 cm
505 ## - FORMATTED CONTENTS NOTE
Formatted contents note M
520 ## - SUMMARY, ETC.
Summary, etc. The adventures of Desperaux Tilling, a small mouse of unusual talents, the princess that he loves, the servant girl who longs to be a princess, and a devious rat determined to bring them all to ruin. Includes Kate DiCamillo's Newbery Medal acceptance speech, Q&A with Kate DiCamillo, and Q&A with Timothy Basil Ering.
521 ## - TARGET AUDIENCE NOTE
Target audience note 670 <br/>
Source Lexile
521 ## - TARGET AUDIENCE NOTE
Target audience note M <br/>
Source Raz-Plus
650 #1 - SUBJECT ADDED ENTRY--TOPICAL TERM
Topical term or geographic name entry element Fairy tales.
650 #1 - SUBJECT ADDED ENTRY--TOPICAL TERM
Topical term or geographic name entry element Mice
Form subdivision Fiction.
700 1# - ADDED ENTRY--PERSONAL NAME
Personal name Ering, Timothy B.,
Relator term illustrator.
906 ## - LOCAL DATA ELEMENT F, LDF (RLIN)
a 7
b cbc
c orignew
d 2
e ncip
f 20
g y-gencatlg
942 ## - ADDED ENTRY ELEMENTS (KOHA)
Source of classification or shelving scheme Dewey Decimal Classification
Koha item type Books
Suppress in OPAC No
999 ## -
-- 527
-- 527
Holdings
Withdrawn status Lost status Source of classification or shelving scheme Damaged status Not for loan Collection Home library Current library Shelving location Date acquired Total Checkouts Full call number Barcode Date due Date last seen Date last checked out Price effective from Koha item type
    Dewey Decimal Classification     Juvenile Fiction Footprints International School Library Network Toul Kork Campus Footprints International School Library Network Toul Kork Campus TK Primary Library Room(4th Floor), Bookcase 5&6, Shelves 33-56, Orange Books 05/17/2023 3 DIC 813.6 PZ8.D525 FISTK05383 11/25/2025 11/11/2025 11/11/2025 05/17/2023 Books